00530nam a2200133Ia 4500008004100000100003000041245014700071245003000218260005300248260000900301300001000310650001500320856006100335170221s9999 xx 000 0 und d aNazar Omer Abdallah Ahmed aImpact of Human Resource Management Practices on Organizational citizenship Behavior: an Empirical investigation from Banking Sector of Sudan  cNazar Omer Abdallah Ahmed bInternational Review of Management and Marketing c2012 a7 : 2 xMarketing. uhttp://www.econjournals.com/index.php/irmm/issue/view/88